Derecho penal (Parte general) (Registro nro. 13342)

Detalles MARC
000 -LEADER
fixed length control field 00389nam a2200157Ia 4500
008 - FIXED-LENGTH DATA ELEMENTS--GENERAL INFORMATION
fixed length control field 250905s9999 xx 000 0 und d
040 ## - CATALOGING SOURCE
Original cataloging agency UPAN
Transcribing agency Biblioteca San Vicente
Description conventions RCAA9
041 ## - LANGUAGE CODE
Language code of text/sound track or separate title spa
082 ## - DEWEY DECIMAL CLASSIFICATION NUMBER
-- 45C748d
100 ## - MAIN ENTRY--PERSONAL NAME
Personal name Creus, Carlos
245 #0 - TITLE STATEMENT
Title Derecho penal (Parte general)
250 ## - EDITION STATEMENT
Edition statement 4° ed.
260 ## - PUBLICATION, DISTRIBUTION, ETC. (IMPRINT)
Place of publication, distribution, etc Buenos Aires
Name of publisher, distributor, etc ASTREA
Date of publication, distribution, etc 1996
300 ## - PHYSICAL DESCRIPTION
Dimensions 21 cm.
942 ## - ADDED ENTRY ELEMENTS (KOHA)
Koha item type Libros

No hay ítems disponibles.